| 000 | 00494nam 22001693 4500 | ||
|---|---|---|---|
| 001 | 202815 | ||
| 090 | _a202815 | ||
| 100 | _a20260630d u||y0pory50 ba | ||
| 200 |
_aPanorama do teatro moderno _fRedondo Júnior |
||
| 210 |
_aLisboa _cArcádia _d1961 |
||
| 215 |
_a319 p. _cencadernado _d22 cm |
||
| 606 |
_91790 _aTeatro. Representação teatral |
||
| 675 |
_a792.03 _vPT _zpor |
||
| 700 |
_917670 _aJúnior _bRedondo _f1914-1991 |
||
| 801 |
_aPT _bBMMN _gRPC |
||
| 830 |
_cAna Falardo _fAna Falardo |
||
| 990 | _cLIVROS | ||